[Event "RUS-chT Clubs sf"]
[Site "Cheliabinsk"]
[Date "2005.01.??"]
[Round "1"]
[White "Ustinov, Viacheslav"]
[Black "Askarov, Marat"]
[Result "0-1"]
[WhiteElo "2218"]
[BlackElo "2434"]
[PlyCount "80"]
[EventDate "2005.01.??"]
[EventType "team"]
[EventRounds "9"]
[EventCountry "RUS"]
[SourceTitle "EXT 2006"]
[Source "ChessBase"]
[SourceDate "2005.11.24"]
[SourceVersion "1"]
[SourceVersionDate "2005.11.24"]
[SourceQuality "1"]

1. e4 c5 2. Nf3 d6 3. Bb5+ Bd7 4. Bxd7+ Nxd7 5. 0-0 Ngf6 6. Qe2 e6 7. c3 Ne5 8. d4 Nxf3+ 9. Qxf3 d5 10. exd5 Qxd5 11. Qxd5 Nxd5 12. dxc5 Bxc5 13. Nd2 0-0 14. Ne4 Be7 15. c4 Nb4 16. Bg5 f6 17. Bd2 Nd3 18. Rab1 Rac8 19. b3 b5 20. Rfd1 bxc4 21. bxc4 Rxc4 22. Rb7 Bb4 23. Be3 Ne5 24. f3 a5 25. Bf4 Nf7 26. Rdd7 e5 27. Bd2 Bxd2 28. Nxd2 Rd4 29. Rxd4 exd4 30. Nb3 d3 31. Nxa5 d2 32. Rb1 Rc8 33. Kf2 Ne5 34. Rd1 Nd3+ 35. Kg3 Rc5 36. Rxd2 Rg5+ 37. Kh4 Nf4 38. Nc4 Nxg2+ 39. Kh3 Nf4+ 40. Kh4 Rg1 0-1

[Event "RUS-chT2"]
[Site "Sochi"]
[Date "2004.04.20"]
[Round "1.4"]
[White "Zimmerman, Yuri"]
[Black "Ustinov, Viacheslav"]
[Result "1/2-1/2"]
[WhiteElo "2355"]
[BlackElo "2246"]
[PlyCount "80"]
[EventDate "2004.04.20"]
[EventType "team"]
[EventRounds "9"]
[EventCountry "RUS"]
[SourceTitle "CBM 100 Extra"]
[Source "ChessBase"]
[SourceDate "2004.07.06"]
[SourceVersion "2"]
[SourceVersionDate "2004.07.06"]
[SourceQuality "1"]
[WhiteTeam "05"]
[BlackTeam "10"]
[WhiteTeamCountry "RUS"]
[BlackTeamCountry "RUS"]

1. d4 d5 2. c4 c6 3. Nf3 Nf6 4. e3 Bf5 5. Nc3 e6 6. Bd3 Bxd3 7. Qxd3 Nbd7 8. 0-0 Be7 9. Rd1 0-0 10. e4 dxe4 11. Nxe4 Nxe4 12. Qxe4 Qa5 13. Bf4 Rfe8 14. a3 Rac8 15. Qe2 Qf5 16. Qe3 Nf6 17. h3 Rcd8 18. Bc7 Rc8 19. Bh2 c5 20. Qb3 b6 21. Qa4 a5 22. Qb5 cxd4 23. Qxf5 exf5 24. b3 Ne4 25. Be5 Nc3 26. Rd3 Bc5 27. Kf1 Rcd8 28. Bxd4 Ne2 29. Rad1 Nxd4 30. Nxd4 Bxa3 31. Nxf5 Rxd3 32. Rxd3 Bb4 33. Ne3 g6 34. Rd7 Re7 35. Rxe7 Bxe7 36. Nd5 Bc5 37. Ke2 f5 38. f3 Kf7 39. Kd3 Ke6 40. f4 h5 1/2-1/2